Statistics for Harry Potter Trivia - Book 1

Click here to take the quiz!

General Stats

  • This quiz has been taken 12 times
  • The average score is 4 of 7

Answer Stats

QuestionAnswer% Correct
How many ways is it possible to commit a Quidditch foul?700
88%
How many staircases are in Hogwarts castle?142
75%
What color are Fred and Georges' Weasley sweaters?Blue
63%
All of those fouls were committed during the Quidditch World Cup in what year?1473
50%
Referees of Quidditch have been known to vanish and reappear where?Sahara Desert
50%
What was the first password to the Gryfindor common room?Caput Draconis
38%
When the troll was let into Hogwarts, what did Harry Bet that it was Snape?His Broomstick
38%

Score Distribution

Percentile by Number Answered

Percent of People with Each Score

Your Score History

You have not taken this quiz